000 00617nam a22002057a 4500
999 _c190254
_d190254
005 20220721113137.0
010 _aENG-133768
020 _a9789389146059
_c180.00
035 _aEN-117300
037 _bDBAD/PUB
082 _a658.834
100 _aIndirapriyadharshini, B.
245 _aWomen Consumer buying Behavior of Shampoo/
_cB. Indirapriyadharshini
260 _aMadurai
_bShanlax Publications
_c2019
270 _a61,66 T.P.K. Main Road Vasantha Nagar
_bMadurai
_e625003
300 _a115p.
_c22cm(pbk)
700 _aA. Gomathi
700 _aN. Giri
942 _2ddc
_cEN
_h658.834
_mIND